00677nam a2200181Ia 4500003000400000005001700004008004100021020001800062040000900080082001700089100002800106245010600134260003200240300000900272942004000281952015900321999001500480OSt20250718154157.0190216s9999||||xx |||||||||||||| ||und|| a9781847558954 coclc a620.5bOZI/N aOzin, Geoffrey A 94260 0aNanochemistry A Chemical Approach To Nanomaterials /cGeoffrey A Ozin ; A C Arsenault ; L Cademartiri bRsc Publishing,c2009.aUK: a820p cBK2ddch620.5iOZI/Nk620.5mOZI/N 00102ddc40708 Engineering & allied operations aMESbMEScCHEd2019-02-20g3595.00l0o620.5 OZI/Np36005r2019-02-20 00:00:00w2019-02-20yBKzGL29R4 c3526d3526